000 00468nam a2200157Ia 4500
008 240729s9999 xx 000 0 und d
022 _a2588-3038
245 0 _aJournal of Research Development in Nursing and Midwifery
260 _aIran, Islamic Republic of
260 _bGolestan University of Medical Sciences
650 _a Nursing
650 _aMedicine
856 _uhttps://doaj.org/toc/f91af595c02c4c148ac8c590fad4a0e1
942 _2ddc
942 _cDOAJEJ
999 _c70412
_d70412
945 _a1
_bMadushi Gamage
_c1
_dMadushi Gamage